Statistics for Eurasia Map Quiz

Click here to take the quiz!

General Stats

  • This quiz has been taken 3,485 times
    (3,316 since last reset)
  • The average score is 50 of 93

Answers on the Map

Answers color-coded by a green-red scale on the quiz's map according to % correct below.
 

Answer Stats

Answer% Correct
Russia
72%
Saudi Arabia
72%
China
71%
South Korea
68%
Greece
66%
Spain
66%
Ukraine
66%
Ireland
64%
North Korea
64%
Afghanistan
63%
Belarus
63%
Poland
63%
United Kingdom
63%
Latvia
62%
Bangladesh
61%
India
61%
Mongolia
61%
Norway
61%
Georgia
60%
Iraq
60%
Jordan
60%
Turkey
60%
Estonia
59%
Iran
59%
Kazakhstan
59%
Nepal
59%
France
58%
Germany
58%
Albania
57%
Uzbekistan
57%
Vietnam
57%
Croatia
56%
Czech Republic
56%
Pakistan
56%
Sweden
56%
Vatican City
56%
Armenia
55%
Bulgaria
55%
Italy
55%
Laos
55%
Syria
54%
Thailand
54%
Yemen
54%
Belgium
53%
Bosnia and Herzegovina
53%
Finland
53%
Indonesia
53%
Japan
53%
Malaysia
53%
Malta
53%
Myanmar
53%
Singapore
53%
Taiwan
53%
Turkmenistan
53%
Andorra
52%
Hungary
52%
Israel
52%
Kuwait
52%
Luxembourg
52%
Oman
52%
Portugal
52%
Qatar
52%
Tajikistan
52%
Denmark
51%
Iceland
51%
Netherlands
51%
Azerbaijan
50%
Kosovo
50%
United Arab Emirates
49%
Bahrain
48%
Bhutan
48%
Cambodia
48%
Lithuania
48%
Monaco
48%
Montenegro
48%
East Timor
47%
Slovakia
47%
Austria
46%
Slovenia
46%
Brunei
45%
Philippines
45%
Sri Lanka
45%
Cyprus
44%
Romania
44%
San Marino
44%
Liechtenstein
43%
Moldova
43%
North Macedonia
43%
Switzerland
43%
Lebanon
41%
Maldives
41%
Serbia
41%
Kyrgyzstan
40%

Score Distribution

Percentile by Number Answered

Percent of People with Each Score

Your Score History

You have not taken this quiz since the last reset